[Event "Championnat de France des Jeunes - Cade"]
[Site "MONTLUCON"]
[Date "2011.04.17"]
[Round "1.1"]
[White "Lagarde, Maxime"]
[Black "Said, Remi"]
[Result "1-0"]
[WhiteElo "2441"]
[BlackElo "1818"]
[PlyCount "51"]

1. e4 Nf6 2. e5 Nd5 3. d4 d6 4. Nf3 Nc6 5. c4 Nb6 6. e6 fxe6 7. Nc3 g6 8. h4
Bg7 9. h5 e5 10. d5 Nd4 11. hxg6 hxg6 12. Rxh8+ Bxh8 13. Bd3 Bg4 14. Bxg6+ Kf8
15. Nxd4 Bxd1 16. Ne6+ Kg8 17. Nxd8 Rxd8 18. Nxd1 Nxc4 19. Ne3 Nb6 20. Bf5 Rf8
21. Be6+ Kh7 22. Bd2 Kg6 23. Ke2 c6 24. dxc6 bxc6 25. Rh1 e4 26. Nf5 1-0

[Event "Championnat de France des Jeunes - Cade"]
[Site "MONTLUCON"]
[Date "2011.04.17"]
[Round "1.2"]
[White "De Lussac, Maxence"]
[Black "Song, Julien"]
[Result "0-1"]
[WhiteElo "1814"]
[BlackElo "2368"]
[PlyCount "50"]

1. e4 c6 2. d4 d5 3. e5 Bf5 4. Nf3 e6 5. Be2 Nd7 6. O-O Bg6 7. Nbd2 Nh6 8. c4
Nf5 9. c5 a5 10. Qa4 Be7 11. Nb3 O-O 12. Bd2 f6 13. exf6 gxf6 14. Bxa5 Qb8 15.
Qb4 e5 16. dxe5 fxe5 17. Rfe1 e4 18. Nfd4 Nxd4 19. Qxd4 Rxa5 20. Nxa5 Bxc5 21.
Qc3 Bxf2+ 22. Kh1 Bxe1 23. Rxe1 Ne5 24. Qb3 Qd6 25. Rg1 b6 0-1

[Event "Championnat de France des Jeunes - Cade"]
[Site "MONTLUCON"]
[Date "2011.04.17"]
[Round "1.3"]
[White "Sochacki, Christophe"]
[Black "Gomes, Alexis"]
[Result "1-0"]
[WhiteElo "2366"]
[BlackElo "1800"]
[PlyCount "79"]

1. e4 e5 2. Nf3 d5 3. exd5 e4 4. Qe2 Nf6 5. Nc3 Be7 6. Nxe4 O-O 7. Nxf6+ Bxf6
8. d4 Re8 9. Be3 Qxd5 10. Qb5 Qxb5 11. Bxb5 c6 12. Be2 Be6 13. c3 Nd7 14. h3
Rac8 15. b4 c5 16. bxc5 Nxc5 17. Nd2 Na4 18. Bb5 Nxc3 19. Bxe8 Rxe8 20. Nf3
Bxa2 21. Kd2 Ne4+ 22. Kd3 Bd5 23. Rxa7 h6 24. Ra5 Bc6 25. Rc1 Bd8 26. Re5 Nd6
27. Rxe8+ Bxe8 28. Ra1 Bb5+ 29. Kc2 Kf8 30. Bf4 Ke7 31. Re1+ Kd7 32. Ne5+ Kc8
33. Ra1 Ba6 34. Kb3 Be7 35. Rc1+ Kd8 36. Bd2 Ke8 37. Bb4 b6 38. Ng6 Kd7 39.
Nxe7 Kxe7 40. Rc7+ 1-0

[Event "Championnat de France des Jeunes - Cade"]
[Site "MONTLUCON"]
[Date "2011.04.17"]
[Round "1.4"]
[White "Demeure, Florian"]
[Black "Di Nicolantonio, Lucas"]
[Result "0-1"]
[WhiteElo "1788"]
[BlackElo "2273"]
[PlyCount "52"]

1. e4 c5 2. Nf3 d6 3. d4 cxd4 4. Nxd4 Nf6 5. Nc3 a6 6. Be2 e5 7. Nb3 Be7 8. O-O
O-O 9. Be3 Be6 10. Nd5 Nbd7 11. Nxf6+ Nxf6 12. f3 d5 13. Bc5 Bxc5+ 14. Nxc5 Qb6
15. b4 Qxb4 16. Nxe6 fxe6 17. Kh1 dxe4 18. fxe4 Rad8 19. Bd3 b5 20. Qe1 Qxe1
21. Raxe1 Nd7 22. a4 bxa4 23. Rxf8+ Kxf8 24. Bxa6 Nc5 25. Bb5 Rd2 26. c4 a3 0-1

[Event "Championnat de France des Jeunes - Cade"]
[Site "MONTLUCON"]
[Date "2011.04.17"]
[Round "1.5"]
[White "Billon, Olivier"]
[Black "Perrin, Florian"]
[Result "1-0"]
[WhiteElo "2192"]
[BlackElo "1781"]
[PlyCount "59"]

1. e4 c5 2. Nf3 d6 3. d4 cxd4 4. Nxd4 Nf6 5. Nc3 g6 6. f3 Bg7 7. Be3 O-O 8. Qd2
Nc6 9. Bc4 a6 10. O-O-O Nxd4 11. Bxd4 b5 12. Bb3 Bd7 13. Nd5 Ne8 14. Bb6 Qb8
15. Nxe7+ Kh8 16. Bd4 Qd8 17. Bxg7+ Kxg7 18. Qd4+ f6 19. Nd5 Rb8 20. h4 a5 21.
Nf4 a4 22. Be6 Qc8 23. Qa7 Rb7 24. Qa6 Kh8 25. h5 g5 26. Ng6+ hxg6 27. hxg6+
Kg7 28. Rh7+ Kxg6 29. Rdh1 Ra7 30. R1h6# 1-0

[Event "Championnat de France des Jeunes - Cade"]
[Site "MONTLUCON"]
[Date "2011.04.17"]
[Round "1.6"]
[White "Jean, Nicolas"]
[Black "Samoun, Florent"]
[Result "0-1"]
[WhiteElo "1772"]
[BlackElo "2192"]
[PlyCount "102"]

1. e4 c6 2. d4 d5 3. e5 Bf5 4. Nf3 e6 5. a3 c5 6. c4 Nc6 7. Nc3 dxc4 8. Bxc4
cxd4 9. Nb5 Bg4 10. Bf4 Bxf3 11. Qxf3 a6 12. Nd6+ Bxd6 13. exd6 Nf6 14. O-O e5
15. Rfe1 Qxd6 16. Bxe5 Nxe5 17. Qf5 O-O 18. Qxe5 Qxe5 19. Rxe5 Rfe8 20. Ree1
Kf8 21. Kf1 Rac8 22. Bd3 g6 23. Rac1 Rxe1+ 24. Rxe1 Rc5 25. g3 Rc6 26. Kg2 Rb6
27. Re2 Ne8 28. Kf3 Nd6 29. Kf4 f6 30. h4 Rb3 31. Rd2 Ke7 32. Re2+ Kd7 33. Rd2
Kc7 34. Kg4 Nf7 35. Kf4 Ne5 36. Be4 d3 37. Bd5 Rb5 38. Ke4 Kd6 39. Bg8 f5+ 40.
Ke3 Rc5 41. Bb3 Rb5 42. Bg8 Ke7 43. f4 Ng4+ 44. Kxd3 Nf6 45. Bc4 Rb6 46. Re2+
Kd7 47. Ke3 Rd6 48. Bd3 b5 49. Rd2 Ke7 50. Kf3 Ne4 51. Ke3 Nxd2 0-1

[Event "Championnat de France des Jeunes - Cade"]
[Site "MONTLUCON"]
[Date "2011.04.17"]
[Round "1.7"]
[White "Eden, James"]
[Black "Viennot, Kevin"]
[Result "1-0"]
[WhiteElo "2184"]
[BlackElo "1755"]
[PlyCount "129"]

1. e4 c5 2. c3 Nf6 3. e5 Nd5 4. d4 cxd4 5. Nf3 Nc6 6. cxd4 a6 7. Bc4 e6 8. O-O
Nb6 9. Bb3 Be7 10. Nc3 d6 11. Be3 d5 12. Qe2 Bd7 13. Nd2 f6 14. f4 f5 15. g4
O-O 16. gxf5 Rxf5 17. Bc2 Rf8 18. Qh5 h6 19. Qg6 Rf5 20. Bxf5 exf5 21. e6 Be8
22. Qxf5 Bf6 23. Nf3 Ne7 24. Qg4 Bg6 25. Ne5 Bf5 26. Qh5 Bxe5 27. Qf7+ Kh8 28.
fxe5 Bg6 29. Qf2 Nf5 30. Kh1 Nc4 31. Bc1 b5 32. b3 b4 33. Na4 Nb6 34. Nc5 Qe7
35. Bd2 a5 36. a3 bxa3 37. Rxa3 a4 38. Rfa1 Rf8 39. Bb4 Nh4 40. Qe2 Qg5 41. Bd2
Qf5 42. e7 Re8 43. Rf1 Qc2 44. Rf8+ Kh7 45. Rxe8 Bxe8 46. Qd3+ Qxd3 47. Nxd3
Nf5 48. bxa4 Nc4 49. Ra2 Nxd2 50. Rxd2 Bxa4 51. Ra2 Bb5 52. Ra7 Nxe7 53. Rxe7
Bxd3 54. Rf7 Kg8 55. Rf2 Be4+ 56. Kg1 g6 57. Rf6 Kg7 58. Kf2 h5 59. h4 Bf5 60.
Ke3 Bd7 61. Rd6 Bf5 62. Rxd5 Kf7 63. Rd6 Ke7 64. Kf4 Be6 65. Kg5 1-0

[Event "Championnat de France des Jeunes - Cade"]
[Site "MONTLUCON"]
[Date "2011.04.17"]
[Round "1.8"]
[White "Dautheville, Simon"]
[Black "Dionisi, Thomas"]
[Result "0-1"]
[WhiteElo "1754"]
[BlackElo "2183"]
[PlyCount "56"]

1. d4 g6 2. c4 Bg7 3. Nc3 d6 4. e4 e5 5. Nf3 Bg4 6. d5 Nd7 7. Be3 h5 8. h3 Bxf3
9. gxf3 Bh6 10. Qd2 Bxe3 11. Qxe3 Qe7 12. Rc1 a5 13. Rg1 h4 14. a3 Nc5 15. Bd3
Nf6 16. Bc2 a4 17. f4 exf4 18. Qxf4 Nh5 19. Qe3 Kf8 20. Qd4 Qe5 21. Qxe5 dxe5
22. Ne2 Ke7 23. Kd2 Ra6 24. Rg4 Nf6 25. Rcg1 Nfxe4+ 26. Bxe4 Nxe4+ 27. Ke3 Nc5
28. Rg5 Kf6 0-1

[Event "Championnat de France des Jeunes - Cade"]
[Site "MONTLUCON"]
[Date "2011.04.17"]
[Round "1.9"]
[White "Youssoupov, Moisse"]
[Black "Molho, Antoine"]
[Result "1-0"]
[WhiteElo "2146"]
[BlackElo "1753"]
[PlyCount "27"]

1. d4 Nf6 2. Bf4 c5 3. e3 e6 4. c3 Nc6 5. Nd2 d5 6. Ngf3 Bd6 7. Bg3 O-O 8. Bd3
Qe7 9. Ne5 Nd7 10. Nxd7 Bxd7 11. Bxd6 Qxd6 12. dxc5 Qxc5 13. Bxh7+ Kh8 14. Qh5
1-0

[Event "Championnat de France des Jeunes - Cade"]
[Site "MONTLUCON"]
[Date "2011.04.17"]
[Round "1.10"]
[White "Dupre-Depril, Tom"]
[Black "Ollier, Milan"]
[Result "0-1"]
[WhiteElo "1752"]
[BlackElo "2138"]
[PlyCount "58"]

1. e4 c5 2. Nc3 Nc6 3. g3 Rb8 4. Bg2 b5 5. d3 b4 6. Nb1 g6 7. f4 d6 8. Nd2 Bg7
9. Ngf3 Nf6 10. O-O O-O 11. Nc4 Nd7 12. g4 Nb6 13. Ne3 a5 14. h4 a4 15. a3 Nd4
16. h5 Nb5 17. axb4 a3 18. Ra2 Na4 19. c3 axb2 20. Bxb2 Naxc3 21. Bxc3 Nxc3 22.
Qc2 Nxa2 23. Qxa2 cxb4 24. hxg6 hxg6 25. f5 b3 26. Qa7 Rb7 27. Qa6 b2 28. Qa2
Qb6 29. Kf2 b1=Q 0-1

[Event "Championnat de France des Jeunes - Cadet"]
[Site "MONTLUCON"]
[Date "2011.04.18"]
[Round "2.1"]
[White "Meley, Hector"]
[Black "Lagarde, Maxime"]
[Result "0-1"]
[WhiteElo "2008"]
[BlackElo "2441"]
[PlyCount "74"]

1. d4 Nf6 2. c4 g6 3. Nc3 d5 4. Nf3 Bg7 5. Bg5 Ne4 6. cxd5 Nxg5 7. Nxg5 e6 8.
Nf3 exd5 9. b4 Qd6 10. Qb3 Nc6 11. e3 Qxb4 12. Qxb4 Nxb4 13. Kd2 Bf5 14. a3 Nc6
15. Nxd5 O-O-O 16. Nf4 Na5 17. Kc3 c5 18. Bd3 cxd4+ 19. exd4 Bxd3 20. Kxd3 Nb3
21. Ra2 Nxd4 22. Nxd4 Rxd4+ 23. Ke3 Kb8 24. g3 Rc8 25. Ne2 Re8+ 26. Kf3 Rd3+
27. Kg2 Bf8 28. a4 Ra3 29. Rxa3 Bxa3 30. Kf3 Rd8 31. Ra1 Bc5 32. Rc1 b6 33. Rc2
Rd3+ 34. Ke4 Ra3 35. Nc3 Bb4 36. Nd5 Rxa4 37. Rc4 f5+ 0-1

[Event "Championnat de France des Jeunes - Cadet"]
[Site "MONTLUCON"]
[Date "2011.04.18"]
[Round "2.2"]
[White "Song, Julien"]
[Black "Durand, Victor"]
[Result "1-0"]
[WhiteElo "2368"]
[BlackElo "2002"]
[PlyCount "67"]

1. d4 d5 2. Nf3 Nf6 3. c4 c6 4. Nc3 e6 5. Bg5 h6 6. Bxf6 Qxf6 7. Qc2 Nd7 8. e3
g6 9. Bd3 dxc4 10. Bxc4 Bg7 11. Rd1 O-O 12. O-O Qe7 13. Bb3 b6 14. Rfe1 Bb7 15.
e4 e5 16. d5 Rac8 17. dxc6 Bxc6 18. Bd5 Nf6 19. Qb3 Bd7 20. Bc4 Bg4 21. Rd3 Rc5
22. h3 Bxf3 23. Rxf3 Rfc8 24. Nd5 Nxd5 25. Bxd5 Bf6 26. Kh2 Kg7 27. Ree3 Rf8
28. Rd3 Bg5 29. Qa4 Rc7 30. g3 Bc1 31. Qb3 Qc5 32. Rc3 Qe7 33. Rxc7 Qxc7 34.
Rc3 1-0

[Event "Championnat de France des Jeunes - Cadet"]
[Site "MONTLUCON"]
[Date "2011.04.18"]
[Round "2.3"]
[White "Harnik, Cecilien"]
[Black "Sochacki, Christophe"]
[Result "0-1"]
[WhiteElo "1951"]
[BlackElo "2366"]
[PlyCount "38"]

1. e4 c5 2. Nf3 a6 3. d4 cxd4 4. Nxd4 Nf6 5. Nc3 e5 6. Nf5 d5 7. Ng3 d4 8. Nce2
Bc5 9. f4 Nc6 10. fxe5 Ng4 11. Nf4 Qh4 12. Bd3 Ncxe5 13. Nfe2 Bb4+ 14. Bd2 Ne3
15. Qc1 Nxg2+ 16. Kf2 Bxd2 17. Qxd2 Bh3 18. Nxd4 Qf6+ 19. Kg1 Qb6 0-1

[Event "Championnat de France des Jeunes - Cadet"]
[Site "MONTLUCON"]
[Date "2011.04.18"]
[Round "2.4"]
[White "Di Nicolantonio, Lucas"]
[Black "Tournier, Timothee"]
[Result "1-0"]
[WhiteElo "2273"]
[BlackElo "1937"]
[PlyCount "69"]

1. e4 Nf6 2. e5 Nd5 3. c4 Nb6 4. c5 Nd5 5. Bc4 e6 6. d4 b6 7. Nf3 Bb7 8. cxb6
Nxb6 9. Bd3 c5 10. dxc5 Bxc5 11. O-O Nc6 12. Nc3 d5 13. exd6 Bxd6 14. Qe2 O-O
15. Rd1 Nb4 16. Bxh7+ Kxh7 17. Ng5+ Kg6 18. h4 Rh8 19. Bf4 Bxf4 20. Rxd8 Rhxd8
21. Nh3 Bd6 22. Qg4+ Kh6 23. Qg5+ Kh7 24. Qh5+ Kg8 25. Ng5 Rd7 26. Qh7+ Kf8 27.
Qh8+ Ke7 28. Qxg7 Ke8 29. Qg8+ Bf8 30. Nh7 Ke7 31. Qg5+ Kd6 32. Nb5+ Kc6 33.
Rc1+ Nc4 34. Rxc4+ Kb6 35. Nxf8 1-0

[Event "Championnat de France des Jeunes - Cadet"]
[Site "MONTLUCON"]
[Date "2011.04.18"]
[Round "2.5"]
[White "Sanvoisin, Corentin"]
[Black "Billon, Olivier"]
[Result "1-0"]
[WhiteElo "1947"]
[BlackElo "2192"]
[PlyCount "103"]

1. e4 c5 2. Nf3 Nc6 3. d4 cxd4 4. Nxd4 Nf6 5. Nc3 e5 6. Ndb5 d6 7. Nd5 Nxd5 8.
exd5 Nb8 9. c4 a6 10. Nc3 Be7 11. Bd3 O-O 12. O-O f5 13. f3 Nd7 14. Be3 g5 15.
b4 e4 16. fxe4 f4 17. Bd4 Bf6 18. Be2 Bxd4+ 19. Qxd4 Ne5 20. Na4 g4 21. Nb6 Rb8
22. c5 f3 23. Nxc8 Rxc8 24. cxd6 Qf6 25. Bd3 g3 26. h3 Qxd6 27. Rac1 f2+ 28.
Kh1 Rxc1 29. Rxc1 Qh6 30. Rf1 Nf3 31. Qc3 Qd2 32. Qb3 Nh2 33. Bxa6 Nxf1 34.
Bxf1 Qg5 35. d6+ Kh8 36. Qc3+ Qg7 37. e5 Rd8 38. b5 b6 39. Qd4 Rc8 40. d7 Rd8
41. Qxb6 Rxd7 42. e6 Qf6 43. Qb8+ Rd8 44. Qxg3 Re8 45. b6 Qxe6 46. Qxf2 Qe5 47.
g3 Kg7 48. Bg2 Rb8 49. b7 Rf8 50. Qd2 Kh8 51. Kh2 Qg7 52. Qd6 1-0

[Event "Championnat de France des Jeunes - Cadet"]
[Site "MONTLUCON"]
[Date "2011.04.18"]
[Round "2.6"]
[White "Samoun, Florent"]
[Black "Gelin, Baptiste"]
[Result "1-0"]
[WhiteElo "2192"]
[BlackElo "1921"]
[PlyCount "87"]

1. e4 e5 2. Nf3 Nc6 3. Bb5 a6 4. Ba4 Nf6 5. d3 b5 6. Bb3 Bd6 7. c3 O-O 8. O-O
h6 9. Re1 Re8 10. Nbd2 Bf8 11. Nf1 Bb7 12. Ng3 Na5 13. Bc2 d5 14. Qe2 c5 15.
Bd2 c4 16. Rad1 Rc8 17. dxc4 Nxc4 18. Bc1 Qc7 19. exd5 Nxd5 20. Be4 Nf4 21. Qc2
Bc5 22. Bxb7 Qxb7 23. Ne4 Ba7 24. b3 f5 25. Ng3 Na5 26. Nxf5 Bc5 27. Nd6 Bxd6
28. Rxd6 Qc7 29. Rxa6 Nc6 30. Qe4 Ne6 31. Be3 Qb7 32. Rb6 Qc7 33. Rxb5 Nf4 34.
g3 Ne6 35. Nxe5 Nxe5 36. Qxe5 Qd7 37. Rd5 Qf7 38. Qh5 g6 39. Qxh6 Rxc3 40. Red1
Rc7 41. Rd6 Rce7 42. Bd4 Ng7 43. Qxg7+ Qxg7 44. Bxg7 1-0

[Event "Championnat de France des Jeunes - Cadet"]
[Site "MONTLUCON"]
[Date "2011.04.18"]
[Round "2.7"]
[White "Brest, Jean-Francois"]
[Black "Eden, James"]
[Result "1-0"]
[WhiteElo "1924"]
[BlackElo "2184"]
[PlyCount "151"]

1. d4 d5 2. c4 e6 3. Nf3 Nf6 4. g3 c6 5. Bg2 Nbd7 6. Qc2 Bd6 7. O-O O-O 8. Nbd2
Re8 9. Rd1 Qc7 10. b3 b6 11. e4 dxe4 12. Nxe4 Nxe4 13. Qxe4 Bb7 14. Bb2 Rad8
15. Rd3 c5 16. Qe2 Bxf3 17. Bxf3 cxd4 18. Rxd4 e5 19. Rd2 e4 20. Bxe4 Ne5 21.
Qg4 g6 22. Bd5 Nd7 23. f4 Bb4 24. Re2 Qc5+ 25. Kg2 Qf8 26. f5 Rxe2+ 27. Qxe2
Re8 28. Qf3 Qe7 29. Rf1 g5 30. Bd4 Ne5 31. Qe4 Bd6 32. f6 Qd8 33. Qf5 Ng6 34.
Qxg5 Re2+ 35. Rf2 Qe8 36. Qh6 Bf8 37. Qh5 Re1 38. Qf3 Bb4 39. Bc6 Qd8 40. Bd5
Qe8 41. Bc6 Qd8 42. Bc3 Bxc3 43. Qxc3 Qd1 44. Bf3 Rg1+ 45. Kh3 Qd6 46. Bg4 h6
47. Qd2 Qf8 48. Bf5 Kh7 49. Bxg6+ fxg6 50. Qd7+ Kg8 51. f7+ Kg7 52. Qe8 Rd1 53.
Qxf8+ Kxf8 54. Rf6 h5 55. Rxg6 Kxf7 56. Rh6 Kg7 57. Rxh5 Ra1 58. a4 Rb1 59. Rb5
Rb2 60. b4 Kf6 61. c5 bxc5 62. bxc5 Rc2 63. Ra5 Ke6 64. g4 Ke5 65. Rxa7 Rxc5
66. Kg3 Rc3+ 67. Kh4 Rc1 68. Ra5+ Kf4 69. Rf5+ Ke4 70. h3 Rc8 71. a5 Rh8+ 72.
Rh5 Rc8 73. Rh6 Rc7 74. g5 Kf3 75. Rf6+ Kg2 76. Kg4 1-0

[Event "Championnat de France des Jeunes - Cadet"]
[Site "MONTLUCON"]
[Date "2011.04.18"]
[Round "2.8"]
[White "Dionisi, Thomas"]
[Black "Copin, Valentin"]
[Result "1/2-1/2"]
[WhiteElo "2183"]
[BlackElo "1887"]
[PlyCount "105"]

1. e4 c5 2. Nf3 e6 3. c3 Nf6 4. e5 Nd5 5. d4 cxd4 6. cxd4 d6 7. a3 Bd7 8. Bd3
Bc6 9. O-O Nd7 10. Qe2 Qc7 11. Re1 Be7 12. exd6 Bxd6 13. Ne5 O-O 14. Bd2 a6 15.
Nc3 N7f6 16. Rac1 Ne7 17. Bg5 Bxe5 18. dxe5 Nfd5 19. Nxd5 Nxd5 20. Rc4 g6 21.
Qg4 Qa5 22. Rec1 Bb5 23. Rd4 Bxd3 24. Rxd3 Rac8 25. Rcd1 Rc2 26. Qh4 Rfc8 27.
Rf3 h5 28. h3 Qc7 29. Bf6 Nxf6 30. Qxf6 Rc1 31. Rxc1 Qxc1+ 32. Kh2 Rf8 33. g4
hxg4 34. hxg4 Qh6+ 35. Kg2 Qg7 36. Rc3 Qxf6 37. exf6 Rd8 38. Rc7 b5 39. Kg3 g5
40. Rc5 Rd5 41. Rxd5 exd5 42. f4 gxf4+ 43. Kxf4 Kh7 44. Ke5 Kg6 45. Kxd5 Kxf6
46. Ke4 Kg5 47. Kf3 f5 48. gxf5 Kxf5 49. Ke3 Ke5 50. Kd3 Kd5 51. b4 a5 52. bxa5
Kc6 53. Kc3 1/2-1/2

[Event "Championnat de France des Jeunes - Cadet"]
[Site "MONTLUCON"]
[Date "2011.04.18"]
[Round "2.9"]
[White "Muller, Anthony"]
[Black "Youssoupov, Moisse"]
[Result "0-1"]
[WhiteElo "1882"]
[BlackElo "2146"]
[PlyCount "98"]

1. d4 Nf6 2. Nf3 e6 3. Bf4 c5 4. c3 Nc6 5. e3 Be7 6. h3 d5 7. Nbd2 O-O 8. Bd3
b6 9. O-O Bb7 10. Qe2 Nh5 11. Bh2 f5 12. g4 fxg4 13. hxg4 Nf6 14. Ne5 Nxe5 15.
Bxe5 Nd7 16. f4 Nxe5 17. fxe5 g6 18. Rxf8+ Qxf8 19. Kg2 Qg7 20. Rf1 Rf8 21.
Rxf8+ Qxf8 22. Qf3 Qh6 23. Bb5 Bc8 24. Be8 Qf8 25. Bc6 Bg5 26. Bb5 cxd4 27.
cxd4 Qb4 28. Qe2 Bxe3 29. Qxe3 Qxb5 30. Qc3 Ba6 31. Nf3 Qc4 32. a3 Qxc3 33.
bxc3 h6 34. g5 h5 35. Ne1 Bc4 36. Kf2 Kf7 37. Ke3 Ke7 38. Kd2 Bf1 39. Kc2 Kd7
40. Nf3 Bg2 41. Nh4 Be4+ 42. Kb3 Kc6 43. a4 a6 44. c4 dxc4+ 45. Kb4 Kd5 46. Kc3
a5 47. Kd2 Kxd4 48. Kd1 Kc3 49. Kc1 Kb3 0-1

[Event "Championnat de France des Jeunes - Cadet"]
[Site "MONTLUCON"]
[Date "2011.04.18"]
[Round "2.10"]
[White "Ollier, Milan"]
[Black "Ianniciello, David"]
[Result "1-0"]
[WhiteElo "2138"]
[BlackElo "1879"]
[PlyCount "41"]

1. e4 e5 2. Bc4 Nf6 3. d4 exd4 4. Nf3 Nc6 5. e5 d5 6. Bb5 Ne4 7. Nxd4 Bd7 8.
Bxc6 bxc6 9. O-O Be7 10. f3 Ng5 11. f4 Ne6 12. f5 Nxd4 13. Qxd4 f6 14. e6 Bc8
15. Qg4 Bc5+ 16. Kh1 Qe7 17. Nc3 Ba6 18. Qa4 Bb7 19. Nxd5 Qd6 20. Rd1 Kf8 21.
Bf4 1-0

[Event "Championnat de France des Jeunes - Cadet"]
[Site "MONTLUCON"]
[Date "2011.04.18"]
[Round "3.1"]
[White "Lagarde, Maxime"]
[Black "Duboue, Peio"]
[Result "1/2-1/2"]
[WhiteElo "2441"]
[BlackElo "2094"]
[PlyCount "124"]

1. e4 e5 2. Nf3 Nc6 3. Bb5 a6 4. Ba4 Nf6 5. O-O b5 6. Bb3 Be7 7. d3 d6 8. a4
Na5 9. Ba2 bxa4 10. Nc3 Bd7 11. Ng5 O-O 12. f4 h6 13. Nf3 Nc6 14. Nxa4 exf4 15.
Bxf4 Ne5 16. Nc3 Bg4 17. Bxe5 dxe5 18. Nd5 Nxd5 19. Bxd5 c6 20. Bb3 Kh8 21. Kh1
Qd6 22. Ra4 f5 23. exf5 Bxf5 24. Qe2 Bg6 25. Re1 Bf6 26. Nd2 e4 27. Nxe4 Bxe4
28. Rxe4 Bxb2 29. Re6 Qc5 30. Qe4 Qf2 31. g3 c5 32. Qc6 Bf6 33. R6e2 Qf5 34.
Bd5 Rac8 35. Qb7 Rb8 36. Qc6 Rbc8 37. Qe6 Qxe6 38. Rxe6 a5 39. Ra6 Bc3 40. Re2
Rce8 41. Rxe8 Rxe8 42. Be4 Rf8 43. Kg2 Kg8 44. h4 Rf6 45. Ra7 Kf8 46. h5 Rf7
47. Ra6 Ke7 48. Ra7+ Kf6 49. Rxf7+ Kxf7 50. Bc6 Ke6 51. Kf3 Ke5 52. Ke3 Be1 53.
g4 Bc3 54. Ba4 Bb2 55. Kd2 Kd4 56. c4 Bc3+ 57. Kc2 Bb4 58. Bd7 Ke3 59. Bf5 a4
60. Kb2 Kd2 61. Ka2 Kc3 62. Bg6 Kd4 1/2-1/2

[Event "Championnat de France des Jeunes - Cadet"]
[Site "MONTLUCON"]
[Date "2011.04.18"]
[Round "3.2"]
[White "Chauvet, Vincent"]
[Black "Song, Julien"]
[Result "0-1"]
[WhiteElo "2090"]
[BlackElo "2368"]
[PlyCount "72"]

1. d4 Nf6 2. c4 e6 3. Nc3 Bb4 4. a3 Bxc3+ 5. bxc3 O-O 6. e3 Nc6 7. Ne2 b6 8.
Ng3 Ba6 9. e4 Na5 10. Bg5 h6 11. h4 d6 12. f4 Re8 13. e5 dxe5 14. fxe5 hxg5 15.
hxg5 Nh7 16. Qh5 Qxg5 17. Qxh7+ Kf8 18. Rh3 Qe3+ 19. Ne2 Qg5 20. Ng3 Bxc4 21.
Kf2 Bd5 22. Be2 Ke7 23. Qd3 Bc4 24. Qf3 Bd5 25. Qd3 c5 26. Bf3 Rad8 27. Bxd5
Rxd5 28. Rf1 cxd4 29. cxd4 Qxe5 30. Re1 Qf6+ 31. Kg1 Red8 32. Ne2 Nc6 33. Rf3
Rf5 34. Ref1 g6 35. Qc3 Nxd4 36. Qb4+ Ke8 0-1

[Event "Championnat de France des Jeunes - Cadet"]
[Site "MONTLUCON"]
[Date "2011.04.18"]
[Round "3.3"]
[White "Sochacki, Christophe"]
[Black "Brunier, Jules"]
[Result "1-0"]
[WhiteElo "2366"]
[BlackElo "2034"]
[PlyCount "79"]

1. e4 e6 2. d4 d5 3. Nc3 Nf6 4. e5 Nfd7 5. f4 c5 6. Nf3 Nc6 7. Be3 cxd4 8. Nxd4
Bc5 9. Qd2 a6 10. O-O-O O-O 11. Nb3 Bb4 12. a3 Be7 13. Bd3 b5 14. Qe2 b4 15.
axb4 Nxb4 16. Qh5 g6 17. Qh6 Re8 18. g4 Bf8 19. Qh3 a5 20. Bb5 Ba6 21. Bxd7
Qxd7 22. Ne4 Bg7 23. Nf6+ Bxf6 24. exf6 Qd6 25. Nd4 Rac8 26. Kb1 Qd8 27. Qh4 e5
28. Nf5 Nxc2 29. fxe5 Rxe5 30. Ne7+ Rxe7 31. fxe7 Qd7 32. Bh6 Qa4 33. e8=Q+
Rxe8 34. Qf6 Qa1+ 35. Kxc2 Re2+ 36. Rd2 Qa4+ 37. Kb1 Qe4+ 38. Kc1 Qxh1+ 39. Rd1
Rc2+ 40. Kxc2 1-0

[Event "Championnat de France des Jeunes - Cadet"]
[Site "MONTLUCON"]
[Date "2011.04.18"]
[Round "3.4"]
[White "Sanvoisin, Corentin"]
[Black "Di Nicolantonio, Lucas"]
[Result "0-1"]
[WhiteElo "1947"]
[BlackElo "2273"]
[PlyCount "88"]

1. e4 c5 2. Nf3 d6 3. d4 cxd4 4. Nxd4 Nf6 5. Nc3 a6 6. Bg5 e6 7. f4 Nc6 8. Nxc6
bxc6 9. e5 h6 10. Bh4 g5 11. Bg3 Nd5 12. Nxd5 cxd5 13. Bd3 Qb6 14. Qf3 Bg7 15.
Bf2 Qb4+ 16. c3 Qxf4 17. Qxf4 gxf4 18. exd6 e5 19. O-O-O Bg4 20. Bc2 Bxd1 21.
Rxd1 Kd7 22. Rxd5 Rhd8 23. Be4 Rab8 24. Ra5 Ke6 25. Rxa6 Bf8 26. d7+ Bd6 27. c4
Kxd7 28. c5 Be7 29. Bf5+ Kc7 30. a3 Ra8 31. Rxh6 Rh8 32. Rxh8 Rxh8 33. h3 Rg8
34. Be4 f5 35. Bxf5 Rxg2 36. Be1 Bxc5 37. Be4 Re2 38. Ba5+ Bb6 39. Bxb6+ Kxb6
40. Bf3 Re3 41. Bg4 f3 42. Kd2 f2 43. Be2 Rxh3 44. Bf1 Rb3 0-1

[Event "Championnat de France des Jeunes - Cadet"]
[Site "MONTLUCON"]
[Date "2011.04.18"]
[Round "3.5"]
[White "Lebon, Yohan"]
[Black "Samoun, Florent"]
[Result "0-1"]
[WhiteElo "1867"]
[BlackElo "2192"]
[PlyCount "122"]

1. d4 e6 2. c4 d5 3. Nf3 Nf6 4. g3 c5 5. cxd5 Qxd5 6. Nc3 Qd8 7. Bg2 Nc6 8. e3
cxd4 9. Nxd4 Nxd4 10. exd4 Bd6 11. O-O O-O 12. Bg5 h6 13. Be3 a6 14. Qd2 Rb8
15. Ne4 Nd5 16. Nc3 Nxe3 17. fxe3 b5 18. e4 b4 19. Ne2 a5 20. Kh1 Qb6 21. e5
Be7 22. h4 Ba6 23. Rf4 Rbd8 24. Rd1 Rc8 25. Rg4 Kh8 26. Nf4 Rfd8 27. Nh5 Bf8
28. Qf2 Rc7 29. Nxg7 Bxg7 30. Rxg7 Kxg7 31. Qf6+ Kh7 32. Qxd8 Bb7 33. d5 Bxd5
34. Bxd5 exd5 35. Qxd5 Qg6 36. Rf1 Kg7 37. Qd4 Qe6 38. Kg2 Rc4 39. Qd6 Rc2+ 40.
Rf2 Rxf2+ 41. Kxf2 Qxa2 42. Qf6+ Kg8 43. Qd8+ Kh7 44. Qd3+ Kg7 45. Qd4 Qe6 46.
Ke3 Kg6 47. Qd3+ Kh5 48. Qd1+ Qg4 49. Qe1 Kg6 50. Kd3 Kf5 51. Qf2+ Kxe5 52.
Qc5+ Kf6 53. Qb6+ Kg7 54. Qf2 a4 55. Kc2 Qc4+ 56. Kb1 Qd3+ 57. Ka1 b3 58. Qe1
Qd4 59. Kb1 Kg6 60. Kc1 a3 61. Qe2 Qg1+ 0-1

[Event "Championnat de France des Jeunes - Cadet"]
[Site "MONTLUCON"]
[Date "2011.04.18"]
[Round "3.6"]
[White "Youssoupov, Moisse"]
[Black "Brest, Jean-Francois"]
[Result "1-0"]
[WhiteElo "2146"]
[BlackElo "1924"]
[PlyCount "83"]

1. d4 Nf6 2. Bf4 d5 3. e3 c5 4. c3 Nc6 5. Nd2 Bf5 6. Ngf3 Qb6 7. Nh4 Bg6 8. Qb3
c4 9. Qxb6 axb6 10. a3 b5 11. Rc1 e6 12. h3 Be7 13. Nxg6 hxg6 14. Be2 Nd7 15.
e4 Nb6 16. Bf3 Kd7 17. O-O dxe4 18. Nxe4 Nd5 19. Bh2 Rhd8 20. Rfe1 b6 21. Rcd1
Bxa3 22. bxa3 Rxa3 23. Rc1 f5 24. Ng5 Nxc3 25. Nxe6 Re8 26. Nc5+ bxc5 27. Bxc6+
Kxc6 28. Rxe8 cxd4 29. Rc8+ Kd7 30. Rc7+ Kd8 31. Kf1 d3 32. Rc6 Ra2 33. Be5 Ne4
34. f3 Nd2+ 35. Kg1 Nb3 36. Rd1 Rc2 37. Rb6 b4 38. Rxb4 d2 39. Kf1 Rc1 40. Ke2
Rc2 41. Rxb3 cxb3 42. Rxd2+ 1-0

[Event "Championnat de France des Jeunes - Cadet"]
[Site "MONTLUCON"]
[Date "2011.04.18"]
[Round "3.7"]
[White "Simon, Damien"]
[Black "Ollier, Milan"]
[Result "0-1"]
[WhiteElo "1677"]
[BlackElo "2138"]
[PlyCount "82"]

1. d4 Nf6 2. c4 g6 3. Nc3 d5 4. cxd5 Nxd5 5. e4 Nxc3 6. bxc3 Bg7 7. Nf3 O-O 8.
Be2 c5 9. Be3 Nc6 10. O-O Qa5 11. Qc2 cxd4 12. cxd4 Bd7 13. Rab1 Rac8 14. Qb3
Rb8 15. d5 Ne5 16. Bf4 Nxf3+ 17. Bxf3 e5 18. dxe6 Bxe6 19. Qb4 Qxb4 20. Rxb4
Rbd8 21. Rxb7 a6 22. Bd1 Bc4 23. Bc7 Bxf1 24. Bxd8 Rxd8 25. Bb3 Bd3 26. Rxf7
Bc4 27. Rxg7+ Kxg7 28. Bxc4 Rd1+ 29. Bf1 Ra1 30. g3 a5 31. Kg2 Rxa2 32. Bc4 Rb2
33. g4 a4 34. Kg3 a3 35. f4 Rb4 36. Bd5 Rxe4 37. h4 Rd4 38. Be6 a2 39. Bxa2
Rd3+ 40. Kf2 Rd2+ 41. Kg3 Rxa2 0-1

[Event "Championnat de France des Jeunes - Cadet"]
[Site "MONTLUCON"]
[Date "2011.04.18"]
[Round "3.8"]
[White "Naudion, Gregoire"]
[Black "Dionisi, Thomas"]
[Result "0-1"]
[WhiteElo "2053"]
[BlackElo "2183"]
[PlyCount "44"]

1. e4 e5 2. Nf3 f5 3. Nxe5 Qf6 4. d4 d6 5. Nc4 fxe4 6. Ne3 Nc6 7. c3 Qg6 8. Nd5
Kd8 9. Ne3 Nf6 10. Be2 h5 11. h3 Ne7 12. c4 Nf5 13. g3 Be7 14. Nc3 c6 15. Qc2
Nxd4 16. Qa4 Nd7 17. Qd1 Nxe2 18. Nxe2 Ne5 19. Nf4 Qf7 20. h4 Bg4 21. Nxg4 hxg4
22. Be3 Qxc4 0-1